<?xml version="1.0" encoding="UTF-8"?>
<record
    xmlns:xsi="http://www.w3.org/2001/XMLSchema-instance"
    xsi:schemaLocation="http://www.loc.gov/MARC21/slim http://www.loc.gov/standards/marcxml/schema/MARC21slim.xsd"
    xmlns="http://www.loc.gov/MARC21/slim">

  <leader>00644nam a2200169Ia 4500</leader>
  <controlfield tag="008">100122s9999    xx            000 0 und d</controlfield>
  <datafield tag="082" ind1=" " ind2=" ">
    <subfield code="b">12108</subfield>
    <subfield code="a">822</subfield>
  </datafield>
  <datafield tag="100" ind1=" " ind2=" ">
    <subfield code="a">&#x936;&#x93E;&#x939;&#x940;&#x930; &#x938;&#x93E;&#x92C;&#x933;&#x947;</subfield>
  </datafield>
  <datafield tag="245" ind1=" " ind2=" ">
    <subfield code="a">&#x917;&#x94D;&#x92F;&#x93E;&#x928;&#x92C;&#x93E;&#x91A;&#x940; &#x92E;&#x947;&#x916; (&#x92E;&#x941;&#x915;&#x94D;&#x924; &#x928;&#x93E;&#x91F;&#x915;)</subfield>
  </datafield>
  <datafield tag="260" ind1=" " ind2=" ">
    <subfield code="b">&#x930;&#x93E;&#x92E;&#x915;&#x943;&#x937;&#x94D;&#x923; &#x92C;&#x941;&#x915; &#x921;&#x947;&#x92A;&#x94B;</subfield>
    <subfield code="c">1963</subfield>
  </datafield>
  <datafield tag="300" ind1=" " ind2=" ">
    <subfield code="a">42</subfield>
  </datafield>
  <datafield tag="520" ind1=" " ind2=" ">
    <subfield code="a">(&#x92E;&#x941;&#x915;&#x94D;&#x924; &#x928;&#x93E;&#x91F;&#x915;)</subfield>
  </datafield>
  <datafield tag="620" ind1=" " ind2=" ">
    <subfield code="a">(&#x92E;&#x941;&#x915;&#x94D;&#x924; &#x928;&#x93E;&#x91F;&#x915;)</subfield>
  </datafield>
  <datafield tag="630" ind1=" " ind2=" ">
    <subfield code="a">&#x917;&#x94D;&#x92F;&#x93E;&#x928;&#x92C;&#x93E;&#x91A;&#x940; &#x92E;&#x947;&#x916; (&#x92E;&#x941;&#x915;&#x94D;&#x924; &#x928;&#x93E;&#x91F;&#x915;)</subfield>
  </datafield>
  <datafield tag="730" ind1=" " ind2=" ">
    <subfield code="a">&#x917;&#x94D;&#x92F;&#x93E;&#x928;&#x92C;&#x93E;&#x91A;&#x940; &#x92E;&#x947;&#x916; (&#x92E;&#x941;&#x915;&#x94D;&#x924; &#x928;&#x93E;&#x91F;&#x915;)</subfield>
  </datafield>
  <datafield tag="942" ind1=" " ind2=" ">
    <subfield code="c">BOOK</subfield>
  </datafield>
  <datafield tag="999" ind1=" " ind2=" ">
    <subfield code="c">403313</subfield>
    <subfield code="d">403310</subfield>
  </datafield>
</record>
